[Event "Cambados op"]
[Site "Cambados"]
[Date "2005.07.29"]
[Round "7"]
[White "Gil Perez, Gerardo"]
[Black "Patino Romaris, Juan Roberto"]
[Result "0-1"]
[WhiteElo "2030"]
[BlackElo "2188"]
[PlyCount "94"]
[EventDate "2005.07.23"]
[EventType "swiss"]
[EventRounds "9"]
[EventCountry "ESP"]
[SourceTitle "EXT 2006"]
[Source "ChessBase"]
[SourceDate "2005.11.24"]
[SourceVersion "1"]
[SourceVersionDate "2005.11.24"]
[SourceQuality "1"]

1. Nf3 d5 2. d3 c5 3. Nbd2 Nc6 4. e4 e6 5. g3 Nf6 6. Bg2 Be7 7. 0-0 0-0 8. Re1 Qc7 9. e5 Nd7 10. Qe2 b5 11. Nf1 a5 12. Bf4 b4 13. a3 Ba6 14. h4 Rfb8 15. N1h2 bxa3 16. bxa3 Rb2 17. Ng5 Bxg5 18. Bxg5 Qxe5 19. Qg4 Qd4 20. Qe2 Qc3 21. Qg4 Qxc2 22. Rf1 Nce5 23. Qh5 Bxd3 24. Rac1 Qe2 25. Nf3 Bg6 26. Nxe5 Bxh5 27. Nxd7 c4 28. Be3 Qd3 29. Ne5 Qxa3 30. Nxc4 Qa2 31. Nxb2 Qxb2 32. Rb1 Qf6 33. Rfc1 h6 34. Ra1 Bf3 35. Bf1 d4 36. Bd2 a4 37. Bd3 g6 38. Bxh6 Bd5 39. Be2 a3 40. Bg5 Qe5 41. Kf1 Qf5 42. Bf4 a2 43. Bd6 d3 44. Bd1 d2 45. Rc2 Qd3+ 46. Kg1 Qe4 47. f3 Qd4+ 0-1

[Event "Cambados op"]
[Site "Cambados"]
[Date "2005.07.28"]
[Round "6"]
[White "Torres Dominguez, David"]
[Black "Gil Perez, Gerardo"]
[Result "1/2-1/2"]
[WhiteElo "2223"]
[BlackElo "2030"]
[PlyCount "132"]
[EventDate "2005.07.23"]
[EventType "swiss"]
[EventRounds "9"]
[EventCountry "ESP"]
[SourceTitle "EXT 2006"]
[Source "ChessBase"]
[SourceDate "2005.11.24"]
[SourceVersion "1"]
[SourceVersionDate "2005.11.24"]
[SourceQuality "1"]

1. e4 e6 2. d4 d5 3. exd5 exd5 4. Bd3 Bd6 5. Qf3 Ne7 6. Ne2 Nbc6 7. c3 Be6 8. Bf4 Ng6 9. Bxd6 Qxd6 10. 0-0 0-0-0 11. Nd2 Rdf8 12. Qg3 Qd7 13. f4 Bf5 14. Bb5 Re8 15. Qf2 a6 16. Bxc6 Qxc6 17. Ng3 Qd7 18. Rfe1 Kd8 19. b4 Bd3 20. f5 Nh4 21. f6 g6 22. Nf3 Nxf3+ 23. Qxf3 Bc4 24. a3 Re6 25. Kf2 Rhe8 26. h4 Qd6 27. Rxe6 Rxe6 28. Kg1 Rxf6 29. Qg4 Qf4 30. Qxf4 Rxf4 31. h5 Rf6 32. Re1 Kd7 33. a4 Re6 34. Kf2 Rxe1 35. Kxe1 a5 36. hxg6 fxg6 37. bxa5 Bb3 38. Ne2 Bxa4 39. Nc1 Kc6 40. Nd3 Bb5 41. Nc5 Ba6 42. g4 h5 43. g5 Bc4 44. Ne6 Bd3 45. Nd8+ Kb5 46. Nxb7 Be4 47. Ke2 Ka6 48. Nc5+ Kxa5 49. Nb3+ Kb5 50. Nd2 Bh1 51. Nf1 Kc4 52. Kd2 c5 53. Ne3+ Kb3 54. Nf1 cxd4 55. cxd4 Kc4 56. Ke3 Bg2 57. Nh2 Kc3 58. Kf2 Be4 59. Ke3 Kc2 60. Ke2 Bd3+ 61. Ke3 Kc3 62. Nf3 Be4 63. Nh2 h4 64. Ng4 h3 65. Nh2 Bg2 66. Ng4 Be4 1/2-1/2